Schools of Malaysia directory 2013 - 2014.

Bibliographic Details
Format: Book
Published: Petaling Jaya, Selangor: Challenger Concept, 2013.
Subjects:
LEADER 00457cam a2200145 7i4500
001 0000031600
005 20160225090000.0
020 0 0 |a 9771675194905  
090 0 0 |a M 370.025   |b SCH 
245 0 0 |a Schools of Malaysia directory 2013 - 2014. 
260 0 0 |a Petaling Jaya, Selangor:   |b Challenger Concept,   |c 2013. 
300 # # |a 287 p. 
650 0 0 |a Education --   |x Directories --   |z Malaysia  
651 0 0 |a Malaysia  
999 |a 0000034509  |b Directories  |c Services  |e Business Information Centre